Dianetics: the modern science of mental health (Record no. 40066)

MARC details
000 -LEADER
fixed length control field 00599nam a2200157 a 4500
008 - FIXED-LENGTH DATA ELEMENTS--GENERAL INFORMATION
fixed length control field 081204s2007 ||||||||||||||||| || u
020 ## - INTERNATIONAL STANDARD BOOK NUMBER
International Standard Book Number 9781403144843
050 ## - LIBRARY OF CONGRESS CALL NUMBER
Classification number BP 605.S2 Hub
100 ## - MAIN ENTRY--PERSONAL NAME
Personal name Hubbard, L. Ron (La Fayette Ron)
245 10 - TITLE STATEMENT
Title Dianetics: the modern science of mental health
260 ## - PUBLICATION, DISTRIBUTION, ETC.
Place of publication, distribution, etc. Los Angeles, CA
Name of publisher, distributor, etc. Bridge Publications
Date of publication, distribution, etc. 2007
300 ## - PHYSICAL DESCRIPTION
Extent xv, 679p: ill.
350 ## - PRICE (NR) (BK AM CF MU VM SE) [OBSOLETE]
Price 0.00
650 ## - SUBJECT ADDED ENTRY--TOPICAL TERM
Topical term or geographic name entry element DIANETICS
995 ## - RECOMMENDATION 995 [LOCAL, UNIMARC FRANCE]
-- 135000.00
-- CBU-MAIN LIBRARY (Kitwe)
-- 1
-- 0.00
-- 1
-- AVAILABLE
-- Dec 4, 2008
-- Main Library Open Access Collection
Holdings
Withdrawn status Lost status Source of classification or shelving scheme Damaged status Not for loan Home library Current library Shelving location Date acquired Total Checkouts Full call number Barcode Date last seen Price effective from Koha item type
          CBU-MAIN LIBRARY, KITWE. CBU-MAIN LIBRARY, KITWE.   11/30/2022   BP 605.S2 Hub 739000 11/30/2022 11/30/2022 MONOGRAPH